New Orleans Pelicans All Stars: NBA - Statistics

General Stats
  • This quiz has been taken 17 times
  • The average score is 6 of 9
Answer Stats
Career Career With Pelicans All Stars Player % Correct
2020- 2020- 2x Zion Williamson
100%
2013- 2013-2019 7x Anthony Davis
85%
2000-2012 2003-2005 2x Baron Davis
85%
2017- 2020- 1x Brandon Ingram
85%
2006- 2006-2011 12x Chris Paul
85%
1994-2005 2003-2004 1x Jamal Mashburn
62%
2004-2018 2004-2011 2x David West
46%
2011-2022 2016-2017 4x DeMarcus Cousins
38%
2001-2012 2003-2005 1x Jamaal Magloire
15%
No matching quizzes found
Score Distribution
Percent of People with Each Score
Percentile by Number Answered
Your Score History
You have not taken this quiz